000 00528nam a2200229Ia 4500
003 OSt
005 20221005122125.0
006 a|||||r|||| 00| 0
007 ta
008 221004b |||||||| |||| 00| 0 eng d
024 _a61816
037 _cTextual
040 _aCRL
_cCRL
_beng
041 _2eng
_aeng
082 _aS:4, J72
100 _aAnscombe G E M
245 0 _aIntention
260 _c1957
650 _aPSYCHOLOGY
942 _hS:4, J72
_cTEXL
_2cc
999 _c1043323
_d1043323